000 00360nam a2200133Ia 4500
008 150202s9999 xx 000 0 und d
020 _a671460897
050 _aFIC
_bFIC
100 _aKingsbury, Donald.
245 _aCourtship rite /
_cDonald Kingsbury.
260 _aNew York :
_bPocket Books,
_c1982.
300 _a409 pages :
_c18 cm.
650 _aFiction.
999 _c282148
_d282148